[Event "I Open Svolta A"]
[Site "Torino ITA"]
[Date "2000.06.02"]
[Round "6"]
[White "Chilingirova, Pavlina"]
[Black "Genova, Ruzka"]
[Result "1/2-1/2"]
[WhiteElo "2237"]
[BlackElo "2171"]
[PlyCount "98"]
[EventDate "2000.05.28"]

1.c4 Nf6 2.Nc3 e6 3.Nf3 Bb4 4.Qc2 c5 5.a3 Bxc3 6.Qxc3 b6 7.e3 Bb7 8.Be2 d6
9.b4 Nbd7 10.Bb2 O-O 11.O-O Rc8 12.d3 Qc7 13.Rfd1 Rfd8 14.Rac1 Nf8 15.Nd2 
Ng6 16.Bf3 Nh4 17.Bxb7 Qxb7 18.e4 e5 19.g3 Ng6 20.Nf1 Qd7 21.Ne3 Qh3 22.f3
Ne7 23.Qe1 Nc6 24.b5 Nd4 25.Bxd4 cxd4 26.Nc2 Nd7 27.Nb4 Nc5 28.Qd2 f5 29.
Nd5 Rd7 30.exf5 Qxf5 31.Qe2 Re8 32.f4 Re6 33.Qf3 h5 34.h4 Rg6 35.Kh2 Rf7 
36.Rc2 Rg4 37.Rf2 Kh7 38.Qe2 e4 39.dxe4 Nxe4 40.Rf3 Qg6 41.Qd3 Kh8 42.Re1 
Nc5 43.Qxd4 Qc2+ 44.Rf2 Qb3 45.Re3 Qb1 46.Re8+ Kh7 47.Rb2 Qc1 48.Qc3 Qd1 
49.Qe3 Rg6 1/2-1/2

[Event "I Open Svolta A"]
[Site "Torino ITA"]
[Date "2000.06.02"]
[Round "6"]
[White "Drazic, Sinisa"]
[Black "Vujovic, Milorad"]
[Result "1-0"]
[WhiteElo "2483"]
[BlackElo "2316"]
[PlyCount "109"]
[EventDate "2000.05.28"]

1.c4 c5 2.Nc3 b6 3.e4 Nc6 4.Nge2 e5 5.g3 d6 6.Bg2 g6 7.d3 Bg7 8.O-O Nge7 
9.f4 a6 10.f5 f6 11.g4 Ra7 12.a3 Nd4 13.Nxd4 cxd4 14.Nd5 O-O 15.h4 Nxd5 
16.cxd5 gxf5 17.gxf5 Kh8 18.Kh2 Rg8 19.h5 Qf8 20.Qd2 Qf7 21.Bf3 Rc7 22.h6 
Bf8 23.Qd1 a5 24.Bd2 Ba6 25.Be2 Be7 26.Rf2 Qe8 27.a4 Qc8 28.Rc1 Rxc1 29.
Bxc1 Qc7 30.Bd2 Bc8 31.Bh5 Bf8 32.Bc1 Bd7 33.b3 Be7 34.Rc2 Qd8 35.Bf7 Rf8 
36.Be6 Bxe6 37.dxe6 d5 38.Rg2 dxe4 39.dxe4 Rg8 40.Rxg8+ Qxg8 41.Bd2 Qf8 
42.Qh5 d3 43.Qf7 Bc5 44.Kh3 Qe7 45.Kg2 Qf8 46.Kf3 Qe7 47.Be3 Bd6 48.Kf2 
Qf8 49.Ke1 Ba3 50.Kd1 Be7 51.Kd2 Bb4+ 52.Kxd3 Qd8+ 53.Ke2 Qf8 54.Qxf8+ 
Bxf8 55.Kd3 1-0

[Event "I Open Svolta A"]
[Site "Torino ITA"]
[Date "2000.06.02"]
[Round "6"]
[White "Faraoni, Enrico"]
[Black "Ravagnani, Tiziano"]
[Result "1-0"]
[WhiteElo "2174"]
[BlackElo "2014"]
[PlyCount "77"]
[EventDate "2000.05.28"]

1.d4 Nf6 2.g4 d5 3.g5 Ne4 4.f3 Nd6 5.Nc3 e6 6.Bf4 Be7 7.Nh3 Nd7 8.e4 c6 9.
Qd2 Nf8 10.O-O-O Ng6 11.Be3 e5 12.Rg1 Bxh3 13.dxe5 Nc4 14.Bxc4 dxc4 15.Qf2
Qa5 16.f4 b5 17.Kb1 b4 18.Nd5 Be6 19.f5 cxd5 20.fxe6 fxe6 21.exd5 exd5 22.
e6 Rf8 23.Qg2 Rd8 24.Rd4 Rf5 25.Qh3 Re5 26.Rgd1 Nf8 27.Bf4 Re4 28.Qf5 Rxe6
29.Be5 g6 30.Qf4 Bd6 31.Rf1 Be7 32.Qf7+ Kd7 33.Bg3 b3 34.cxb3 cxb3 35.axb3
Qb5 36.Rfd1 Qe2 37.Rc1 Rc8 38.Rxd5+ Rd6 39.Rxd6# 1-0

[Event "I Open Svolta A"]
[Site "Torino ITA"]
[Date "2000.06.02"]
[Round "6"]
[White "Racioppo, Paolo"]
[Black "Spinelli, Doriano"]
[Result "1/2-1/2"]
[WhiteElo "2189"]
[BlackElo "2189"]
[PlyCount "81"]
[EventDate "2000.05.28"]

1.e4 d5 2.exd5 Nf6 3.Bb5+ Nbd7 4.c4 g6 5.Nc3 Bg7 6.Bxd7+ Nxd7 7.d4 O-O 8.
Nge2 a6 9.Bf4 b5 10.cxb5 Nb6 11.Qb3 Bb7 12.O-O Bxd5 13.Nxd5 Nxd5 14.Be5 
axb5 15.Bxg7 Kxg7 16.Rac1 b4 17.Rc4 Ra7 18.Ra1 Qa8 19.f3 Rb8 20.Nc1 Rb5 
21.Qd3 Rba5 22.h3 e6 23.Qe4 Qd8 24.Kf2 Kg8 25.Rc5 Nf6 26.Qe3 Rxc5 27.dxc5 
Qd1 28.Qd3 Qa4 29.Ne2 Nd5 30.g4 Ra5 31.Qc4 Qc6 32.Rc1 Qa8 33.Nf4 Rxa2 34.
Rc2 b3 35.Rd2 Ra4 36.Qc1 Nxf4 37.Rd7 Nd5 38.Qg5 Kg7 39.Qe5+ Kg8 40.Qg5 Kg7
41.Qe5+ 1/2-1/2

[Event "I Open Svolta A"]
[Site "Torino ITA"]
[Date "2000.06.02"]
[Round "6"]
[White "Scarenzio, Renato"]
[Black "Saccona, Silvano"]
[Result "1-0"]
[WhiteElo "2013"]
[BlackElo "2113"]
[PlyCount "101"]
[EventDate "2000.05.28"]

1.d4 c6 2.c4 d5 3.Nc3 Nf6 4.Nf3 e6 5.Bg5 Be7 6.e3 O-O 7.Rc1 Nbd7 8.Bd3 
dxc4 9.Bxc4 b5 10.Bd3 Bb7 11.O-O Re8 12.Qc2 Rc8 13.Bf4 a6 14.Ng5 Nf8 15.
Be5 g6 16.Nge4 Nd5 17.Nxd5 cxd5 18.Nc5 Qb6 19.b4 Red8 20.a4 Bc6 21.Qe2 Be8
22.axb5 f6 23.Bf4 Bxb5 24.Nxa6 Bxa6 25.Bxa6 Rxc1 26.Rxc1 Qxb4 27.Qb5 Qa3 
28.Rc6 Qa1+ 29.Qf1 Qxf1+ 30.Bxf1 Kf7 31.Bb5 g5 32.Bg3 Ng6 33.Rc7 h5 34.Ra7
Kf8 35.Bc7 Rc8 36.Bd7 Rxc7 37.Rxc7 Kf7 38.Rc8 f5 39.Be8+ Kf6 40.Rc7 Nf8 
41.Bxh5 Nh7 42.h3 Nf8 43.Kf1 Nh7 44.f4 gxf4 45.exf4 Nf8 46.Ke2 e5 47.dxe5+
Ke6 48.Kd3 Nh7 49.Rb7 Nf8 50.Bf3 Bc5 51.g4 1-0

[Event "I Open Svolta A"]
[Site "Torino ITA"]
[Date "2000.06.02"]
[Round "6"]
[White "Soncin, Denis"]
[Black "Diana, Riccardo"]
[Result "0-1"]
[WhiteElo "2143"]
[BlackElo "2067"]
[PlyCount "46"]
[EventDate "2000.05.28"]

1.e4 e5 2.Bc4 Nf6 3.d4 exd4 4.e5 d5 5.Qxd4 Nc6 6.Bb5 Ne4 7.b4 Be7 8.Nd2 
Bf5 9.Nxe4 Bxe4 10.Nf3 O-O 11.Bxc6 bxc6 12.c3 f6 13.Bf4 Qd7 14.h3 Qf5 15.
Bg3 Bxf3 16.gxf3 Qxf3 17.Rg1 fxe5 18.Bxe5 Bf6 19.Bxf6 Rxf6 20.Rd1 Re8+ 21.
Kd2 Re2+ 22.Kc1 Qxf2 23.Qd3 Rxa2 0-1

[Event "I Open Svolta A"]
[Site "Torino ITA"]
[Date "2000.06.03"]
[Round "7"]
[White "Diana, Riccardo"]
[Black "Chilingirova, Pavlina"]
[Result "1-0"]
[WhiteElo "2067"]
[BlackElo "2237"]
[PlyCount "45"]
[EventDate "2000.05.28"]

1.c4 c5 2.Nc3 Nc6 3.Nf3 g6 4.g3 Bg7 5.Bg2 e6 6.O-O d6 7.e3 Nge7 8.d4 O-O 
9.b3 Nf5 10.Ne2 Rb8 11.Bb2 a6 12.Qc1 b6 13.Rd1 Qc7 14.e4 Nfxd4 15.Nexd4 
cxd4 16.Nxd4 Nxd4 17.Bxd4 Bxd4 18.Rxd4 Bb7 19.Qd2 b5 20.cxb5 axb5 21.Rc1 
Qe7 22.Rxd6 Qf6 23.Rd7 1-0

[Event "I Open Svolta A"]
[Site "Torino ITA"]
[Date "2000.06.03"]
[Round "7"]
[White "Genova, Ruzka"]
[Black "Spinelli, Doriano"]
[Result "1-0"]
[WhiteElo "2171"]
[BlackElo "2189"]
[PlyCount "47"]
[EventDate "2000.05.28"]

1.d4 h6 2.c4 g5 3.Nc3 Bg7 4.h4 g4 5.e4 c5 6.d5 Bxc3+ 7.bxc3 Qa5 8.Bd2 d6 
9.f4 gxf3 10.gxf3 Nf6 11.Qc2 Nbd7 12.f4 Ng4 13.Nf3 h5 14.Be2 Nf8 15.e5 Bd7
16.exd6 exd6 17.Ng5 Qd8 18.O-O-O Qf6 19.Ne4 Qe7 20.f5 f6 21.Bxg4 hxg4 22.
Bf4 O-O-O 23.Nxd6+ Kb8 24.Nf7+ 1-0

[Event "I Open Svolta A"]
[Site "Torino ITA"]
[Date "2000.06.03"]
[Round "7"]
[White "Lazic, Miroljub"]
[Black "Drazic, Sinisa"]
[Result "1-0"]
[WhiteElo "2478"]
[BlackElo "2483"]
[PlyCount "85"]
[EventDate "2000.05.28"]

1.e4 d5 2.exd5 Qxd5 3.d4 e5 4.Nf3 exd4 5.Qxd4 Nf6 6.Nc3 Qxd4 7.Nxd4 a6 8.
Bf4 c5 9.Nb3 Nc6 10.O-O-O Be6 11.Be2 Nd4 12.Nxd4 cxd4 13.Rxd4 Bc5 14.Rdd1 
Bxf2 15.Bf3 O-O 16.Bxb7 Ra7 17.Bf3 h6 18.Rhf1 Bh4 19.Kb1 Bg5 20.Bg3 Ng4 
21.Rfe1 Ne3 22.Rd3 Nc4 23.Ne4 Bf5 24.Nxg5 hxg5 25.Be4 Bxe4 26.Rxe4 Rc8 27.
b3 Na3+ 28.Kb2 Nxc2 29.a3 f5 30.Re2 f4 31.Rxc2 Rxc2+ 32.Kxc2 fxg3 33.Rxg3 
Rc7+ 34.Kd3 Rc5 35.b4 Rf5 36.Kc4 Kh7 37.a4 Kh6 38.Rb3 Rf2 39.b5 axb5+ 40.
axb5 Rc2+ 41.Kb4 Rxg2 42.b6 Rf2 43.b7 1-0

[Event "I Open Svolta A"]
[Site "Torino ITA"]
[Date "2000.06.03"]
[Round "7"]
[White "Lovric, Branko"]
[Black "Laketic, Gojko"]
[Result "1-0"]
[WhiteElo "2322"]
[BlackElo "2456"]
[PlyCount "63"]
[EventDate "2000.05.28"]

1.b3 e5 2.Bb2 d6 3.d4 exd4 4.Qxd4 Nc6 5.Qd2 Nf6 6.Nc3 Be7 7.e4 O-O 8.O-O-O
Re8 9.Kb1 Nd7 10.Nd5 Bf8 11.f3 Nb6 12.g4 Nxd5 13.exd5 Ne5 14.h3 Nd7 15.Ne2
Nc5 16.Nd4 Bd7 17.Bb5 g6 18.Bxd7 Nxd7 19.h4 Bg7 20.h5 Nf8 21.Bc3 a6 22.
Rdg1 Qf6 23.Nb5 Re5 24.f4 axb5 25.fxe5 dxe5 26.h6 Bh8 27.Bb2 Qa6 28.a3 Rd8
29.Rd1 Nd7 30.g5 Nb6 31.Qc3 Rd7 32.Qc5 1-0

[Event "I Open Svolta A"]
[Site "Torino ITA"]
[Date "2000.06.03"]
[Round "7"]
[White "Saccona, Silvano"]
[Black "Faraoni, Enrico"]
[Result "1-0"]
[WhiteElo "2113"]
[BlackElo "2174"]
[PlyCount "47"]
[EventDate "2000.05.28"]

1.Nf3 Nf6 2.b3 d6 3.Bb2 e5 4.d3 g6 5.g3 Bg7 6.Bg2 O-O 7.Nbd2 Nc6 8.a4 Nh5 
9.e3 f5 10.O-O f4 11.Nc4 fxg3 12.fxg3 Bg4 13.Qe1 Qd7 14.Qd2 Rae8 15.e4 Nd8
16.Qa5 Ne6 17.Qd5 Kh8 18.Nfxe5 Rxf1+ 19.Rxf1 c6 20.Qxd6 Qxd6 21.Nxd6 Re7 
22.Ndc4 Be2 23.Re1 b5 24.Rxe2 1-0

[Event "I Open Svolta A"]
[Site "Torino ITA"]
[Date "2000.06.03"]
[Round "7"]
[White "Scarenzio, Renato"]
[Black "Racioppo, Paolo"]
[Result "0-1"]
[WhiteElo "2013"]
[BlackElo "2189"]
[PlyCount "108"]
[EventDate "2000.05.28"]

1.d4 f5 2.c4 d6 3.Nc3 Nf6 4.g3 g6 5.Bg2 Bg7 6.Nh3 Nc6 7.d5 Ne5 8.Qb3 h6 9.
Nf4 c6 10.Ne6 Bxe6 11.dxe6 g5 12.f4 gxf4 13.gxf4 Ng6 14.Qxb7 O-O 15.Bxc6 
Rc8 16.Nd5 Nxd5 17.cxd5 Rb8 18.Qxa7 Bxb2 19.Bxb2 Rxb2 20.Rf1 Kh7 21.Rc1 
Rg8 22.Rf2 Nh4 23.Kf1 Qf8 24.Qd4 Rxa2 25.Rb1 Rg7 26.e4 Ra3 27.Ke2 Ra2+ 28.
Ke3 Ng2+ 29.Kf3 Rxf2+ 30.Kxf2 Nxf4 31.Ke3 Ng2+ 32.Kd2 f4 33.Kd3 f3 34.e5 
f2 35.Rf1 Qf3+ 36.Kd2 Nf4 37.Rxf2 Rg2 38.Rxg2 Qxg2+ 39.Ke3 Ng6 40.exd6 
Qg1+ 41.Kd3 Qd1+ 42.Kc4 Qc2+ 43.Qc3 Ne5+ 44.Kd4 Qf2+ 45.Kxe5 Qf6+ 46.Ke4 
Qxc3 47.dxe7 Qb4+ 48.Ke5 Qxe7 49.Bd7 Kg7 50.d6 Qd8 51.Kd5 Kf6 52.Kc6 Qa8+ 
53.Kb6 Qb8+ 54.Kc6 Ke5 0-1

[Event "I Open Svolta A"]
[Site "Torino ITA"]
[Date "2000.06.03"]
[Round "7"]
[White "Vujovic, Milorad"]
[Black "Sarno, Spartaco"]
[Result "1/2-1/2"]
[WhiteElo "2316"]
[BlackElo "2391"]
[PlyCount "85"]
[EventDate "2000.05.28"]

1.e4 d6 2.d4 Nf6 3.Bd3 e5 4.c3 d5 5.dxe5 Nxe4 6.Nf3 Nc6 7.h3 Be7 8.O-O O-O
9.Qc2 f5 10.exf6 Nxf6 11.Bg5 Kh8 12.Nbd2 Qe8 13.Rfe1 Qh5 14.Bf4 Ne4 15.
Nxe4 dxe4 16.Rxe4 Bf5 17.Bxc7 Rac8 18.Rxe7 Nxe7 19.Bxf5 Nxf5 20.Bh2 Rce8 
21.Ne5 Nh4 22.Qe4 Ng6 23.Nxg6+ hxg6 24.Qxb7 Re2 25.Bg3 a5 26.a4 Qf5 27.b4 
Qc2 28.Qb5 Qxc3 29.Rf1 Re1 30.bxa5 Rxf1+ 31.Qxf1 Qxa5 32.Qb5 Ra8 33.Qc6 
Qa6 34.Qe4 Kh7 35.Qh4+ Kg8 36.Be5 Qxa4 37.Qe7 Qa7 38.Qd6 Qf7 39.f4 Re8 40.
Kh2 Qe6 41.Qd4 Re7 42.Qd8+ Re8 43.Qc7 1/2-1/2

[Event "I Open Svolta A"]
[Site "Torino ITA"]
[Date "2000.06.04"]
[Round "8"]
[White "Chilingirova, Pavlina"]
[Black "Ravagnani, Tiziano"]
[Result "1-0"]
[WhiteElo "2237"]
[BlackElo "2014"]
[PlyCount "85"]
[EventDate "2000.05.28"]

1.c4 g6 2.g3 Bg7 3.Bg2 Nf6 4.Nc3 c5 5.b3 Nc6 6.Bb2 O-O 7.e3 e6 8.Nge2 d5 
9.cxd5 exd5 10.O-O Re8 11.Na4 Nb4 12.Nxc5 b6 13.Na4 Nd3 14.Bd4 Bf5 15.Nc1 
Nb4 16.d3 Rc8 17.Nc3 Nc6 18.Bxf6 Bxf6 19.N1e2 Nb4 20.d4 Bg4 21.a3 Rxc3 22.
axb4 Bxe2 23.Qxe2 Bxd4 24.Qb5 Bg7 25.Bxd5 Qe7 26.Rxa7 Qxa7 27.Qxe8+ Bf8 
28.b5 Rc2 29.Rd1 Qe7 30.Qxe7 Bxe7 31.Bc4 Kf8 32.Rd7 f5 33.Rb7 g5 34.Rxb6 
f4 35.Rb8+ Kg7 36.gxf4 gxf4 37.exf4 Bc5 38.Kg2 Rxf2+ 39.Kg3 Kf6 40.Rb7 h6 
41.b6 Rd2 42.Rf7+ Kg6 43.b7 1-0

[Event "I Open Svolta A"]
[Site "Torino ITA"]
[Date "2000.06.04"]
[Round "8"]
[White "Drazic, Sinisa"]
[Black "Genova, Ruzka"]
[Result "1-0"]
[WhiteElo "2483"]
[BlackElo "2171"]
[PlyCount "75"]
[EventDate "2000.05.28"]

1.d4 Nf6 2.Nc3 d5 3.Bg5 e6 4.e4 dxe4 5.Nxe4 Be7 6.Bxf6 Bxf6 7.Nf3 Be7 8.
Qd2 Nd7 9.O-O-O Nf6 10.Nxf6+ Bxf6 11.Bd3 Qd6 12.Qe3 Bd7 13.Be4 O-O-O 14.
Ne5 Bxe5 15.dxe5 Qb6 16.Qf3 Bc6 17.Bxc6 Qxc6 18.Qxf7 Rdf8 19.Qxg7 Rhg8 20.
Qxh7 Rxg2 21.Rhf1 b6 22.Kb1 Rfxf2 23.Rxf2 Rxf2 24.a3 Kb7 25.h4 Re2 26.h5 
Rxe5 27.h6 Rh5 28.Qg6 Rh1 29.Rxh1 Qxh1+ 30.Ka2 Qd5+ 31.b3 Qd4 32.Qg2+ Ka6 
33.Qe2+ Kb7 34.Qh2 a5 35.h7 Qh8 36.Qg2+ Ka7 37.Qg8 Qf6 38.h8=Q 1-0

[Event "I Open Svolta A"]
[Site "Torino ITA"]
[Date "2000.06.04"]
[Round "8"]
[White "Faraoni, Enrico"]
[Black "Scarenzio, Renato"]
[Result "1-0"]
[WhiteElo "2174"]
[BlackElo "2013"]
[PlyCount "71"]
[EventDate "2000.05.28"]

1.e4 c6 2.c4 d5 3.exd5 cxd5 4.cxd5 Nf6 5.d4 Nxd5 6.Nc3 e6 7.Nf3 Be7 8.Bd3 
Nc6 9.O-O O-O 10.Bb1 Bf6 11.Ne4 Nce7 12.Qd3 Ng6 13.Rd1 b6 14.g3 Bb7 15.h4 
Nb4 16.Qb3 Bxe4 17.Bxe4 Nd5 18.Qd3 Re8 19.Bg5 Rc8 20.a3 Qe7 21.Kg2 Red8 
22.Re1 Nf8 23.Rad1 Bxg5 24.hxg5 g6 25.Qf1 Nc7 26.Qh1 Ne8 27.Ne5 Rd6 28.Qh6
Ng7 29.g4 f5 30.gxf6 Qxf6 31.Rd3 Rc7 32.Rf3 Qe7 33.Rh1 Ne8 34.Bxg6 Nxg6 
35.Nxg6 Qg7 36.Rf8+ 1-0

[Event "I Open Svolta A"]
[Site "Torino ITA"]
[Date "2000.06.04"]
[Round "8"]
[White "Lovric, Branko"]
[Black "Vujovic, Milorad"]
[Result "1/2-1/2"]
[WhiteElo "2322"]
[BlackElo "2316"]
[PlyCount "80"]
[EventDate "2000.05.28"]

1.d4 d5 2.e3 c6 3.Bd3 e6 4.Nd2 Nf6 5.f4 c5 6.c3 Nc6 7.Ngf3 Bd6 8.Ne5 Qc7 
9.O-O a6 10.a3 Ne7 11.Qe2 b6 12.b4 Bb7 13.Ndf3 h6 14.Bd2 Ne4 15.a4 f6 16.
a5 c4 17.Bc2 b5 18.Ng4 O-O-O 19.Nf2 Kb8 20.Be1 Ka8 21.Nxe4 dxe4 22.Nd2 f5 
23.Bd1 Nd5 24.Rc1 g5 25.g3 Rdg8 26.Kh1 Bc6 27.Bf2 Rg7 28.Bg1 Rhg8 29.Nb1 
Be8 30.Rc2 Bd7 31.Re1 Be8 32.Qf2 Qf7 33.Be2 Bc6 34.Qf1 Bb7 35.Qh3 Qe7 36.
Bd1 Qd7 37.Rf2 Qc7 38.Rff1 Qe7 39.Be2 Qc7 40.Bd1 Ka7 1/2-1/2

[Event "I Open Svolta A"]
[Site "Torino ITA"]
[Date "2000.06.04"]
[Round "8"]
[White "Sarno, Spartaco"]
[Black "Diana, Riccardo"]
[Result "1-0"]
[WhiteElo "2391"]
[BlackElo "2067"]
[PlyCount "57"]
[EventDate "2000.05.28"]

1.Nf3 c5 2.g3 Nc6 3.Bg2 g6 4.O-O Bg7 5.e4 d6 6.Re1 e5 7.c3 Nge7 8.d3 O-O 
9.a3 d5 10.b4 dxe4 11.dxe4 cxb4 12.axb4 Qc7 13.Be3 Bg4 14.Nbd2 h6 15.Qa4 
b6 16.Nc4 Bxf3 17.Bxf3 Nd4 18.cxd4 exd4 19.Rac1 dxe3 20.Nxe3 Qe5 21.b5 
Rfc8 22.Rxc8+ Rxc8 23.Qxa7 Qc5 24.Re2 Bf8 25.Qa4 Bg7 26.Rc2 Bc3 27.Kg2 Qb4
28.Qa6 Qa5 29.Nd5 1-0

[Event "I Open Svolta A"]
[Site "Torino ITA"]
[Date "2000.06.04"]
[Round "8"]
[White "Soncin, Denis"]
[Black "Racioppo, Paolo"]
[Result "0-1"]
[WhiteElo "2143"]
[BlackElo "2189"]
[PlyCount "50"]
[EventDate "2000.05.28"]

1.e4 c5 2.Nf3 a6 3.c4 Nc6 4.d4 cxd4 5.Nxd4 e5 6.Nf5 d5 7.cxd5 Bxf5 8.exf5 
Nd4 9.Bd3 Qxd5 10.O-O O-O-O 11.f4 Nc6 12.Rf3 e4 13.Nc3 Qxf5 14.Nxe4 Qxe4 
15.Qc2 Qd4+ 16.Kh1 Ne7 17.f5 Nd5 18.a3 Kb8 19.Bxa6 bxa6 20.Rd3 Qc5 21.Qb3+
Qb5 22.Qd1 Be7 23.Rb3 Nb6 24.Bf4+ Ka7 25.Qc2 Qc4 0-1

[Event "I Open Svolta A"]
[Site "Torino ITA"]
[Date "2000.06.04"]
[Round "8"]
[White "Spinelli, Doriano"]
[Black "Saccona, Silvano"]
[Result "1-0"]
[WhiteElo "2189"]
[BlackElo "2113"]
[PlyCount "81"]
[EventDate "2000.05.28"]

1.e4 c6 2.d3 d5 3.Nd2 dxe4 4.dxe4 g6 5.Ngf3 Bg4 6.h3 Bxf3 7.Qxf3 Nd7 8.g3 
Bg7 9.Bg2 Ngf6 10.O-O O-O 11.Qe2 Qc7 12.Nc4 e5 13.Bg5 b5 14.Nd2 Nc5 15.Be3
Ne6 16.c3 a6 17.a4 Rfd8 18.Rfe1 Qd6 19.Bf1 Nc5 20.Bxc5 Qxc5 21.Nb3 Qe7 22.
Na5 Rac8 23.b4 Bh6 24.Nb3 Nd7 25.Red1 Qe6 26.Qc2 Bf8 27.Kh2 Be7 28.h4 Nf6 
29.f3 Rxd1 30.Rxd1 bxa4 31.Na5 h5 32.Bh3 Ng4+ 33.fxg4 hxg4 34.Bf1 c5 35.
Bc4 Qb6 36.Qf2 Qf6 37.Qxf6 Bxf6 38.Bxa6 Ra8 39.b5 Kg7 40.Nc6 Rh8 41.b6 1-0